000 nam a22 7a 4500
999 _c10370
_d10370
008 180215b ||||| |||| 00| 0 eng d
100 _aChugh, R K
_96179
245 _aComputer Activity Book - III
260 _aNew Delhi
_bG Ram Publication
_c2012